Scientific names of fruits and vegetables - Statistics

General Stats
  • This quiz has been taken 413 times
  • The average score is 17 of 26
Answer Stats
Hint Answer % Correct
Citrus × limon Lemon
91%
Malus domestica Apple
86%
Daucus carota Carrot
83%
Cucumis sativus Cucumber
82%
Vitis vinifera Grape
79%
Citrus × sinensis Orange
78%
Mangifera indica Mango
76%
Musa acuminata Banana
75%
Ananas comosus Pineapple
72%
Solanum lycopersicum Tomato
71%
Allium cepa Onion
68%
Solanum tuberosum Potato
67%
Zea mays Corn
64%
Pyrus communis Pear
64%
Citrullus lanatus Watermelon
64%
Capsicum (various species) Pepper
63%
Allium sativum Garlic
61%
Fragaria (various species) Strawberry
59%
Ficus carica Fig
55%
Prunus persica Peach
55%
Solanum melongena Eggplant
51%
Cucurbita pepo Pumpkin
48%
Persea americana Avocado
46%
Prunus avium Cherry
43%
Punica granatum Pomegranate
42%
Actinidia deliciosa Kiwi
35%
No matching quizzes found
Score Distribution
Percent of People with Each Score
Percentile by Number Answered
Your Score History
You have not taken this quiz